[Event "20th World Seniors"]
[Site "Arco ITA"]
[Date "2010.10.30"]
[Round "5"]
[White "Vaisser,A"]
[Black "Bogdanov,Val"]
[Result "1-0"]
[WhiteElo "2507"]
[BlackElo "2393"]

1.d4 Nf6 2.c4 g6 3.Nc3 d5 4.cxd5 Nxd5 5.e4 Nxc3 6.bxc3 Bg7 7.Bb5+ c6 8.Ba4 O-O
9.Ne2 b5 10.Bb3 a5 11.Be3 Nd7 12.h4 Nf6 13.f3 a4 14.Bc2 h5 15.Qd2 Be6 16.e5 Nd5
17.Bh6 Kh7 18.Bxg7 Kxg7 19.g4 hxg4 20.h5 Rh8 21.Kf2 gxh5 22.fxg4 h4 23.Bf5 Qg8
24.Rxh4 Rxh4 25.Qg5+ Kf8 26.Qxh4 Ke8 27.Rh1 Kd7 28.Qh7 Bxf5 29.Qxf5+ e6 30.Qh7 Qxh7
31.Rxh7 Ke7 32.Kf3 b4 33.cxb4 Nxb4 34.Nc3 Nc2 35.Ne4 Nxd4+ 36.Ke3 Nb5 37.g5 Rg8
38.Kf4 Rg6 39.Kg4 c5 40.Rh8 c4 41.Nf6  1-0

[Event "Unive Open"]
[Site "Hoogeveen NED"]
[Date "2010.10.30"]
[Round "9"]
[White "Ernst,S"]
[Black "Nijboer,F"]
[Result "1-0"]
[WhiteElo "2587"]
[BlackElo "2582"]

1.d4 Nf6 2.c4 g6 3.Nc3 d5 4.cxd5 Nxd5 5.e4 Nxc3 6.bxc3 Bg7 7.Nf3 c5 8.Rb1 O-O
9.Be2 cxd4 10.cxd4 Qa5+ 11.Bd2 Qxa2 12.O-O Bg4 13.Bg5 h6 14.Be3 Nc6 15.d5 Bxf3
16.Bxf3 Ne5 17.Bc5 a5 18.Bxe7 Rfe8 19.d6 Qe6 20.Be2 Bf8 21.f4 Bxe7 22.fxe5 Bf8
23.Rxb7 a4 24.Rfxf7 a3 25.Rf6 a2 26.Rxe6 a1=Q  1-0

[Event "Chigorin Mem Classic Open"]
[Site "St Petersburg RUS"]
[Date "2010.10.31"]
[Round "4"]
[White "Ulko,J"]
[Black "Kuzevanova,E"]
[Result "1-0"]
[WhiteElo "2451"]
[BlackElo "2126"]

1.d4 Nf6 2.c4 g6 3.Nc3 d5 4.cxd5 Nxd5 5.e4 Nxc3 6.bxc3 Bg7 7.Bc4 c5 8.Ne2 O-O
9.O-O Nc6 10.Be3 Qc7 11.Rc1 Rd8 12.Qd2 a6 13.Bh6 b5 14.Bd5 e6 15.Bxc6 Qxc6
16.Bxg7 Kxg7 17.Qf4 Bb7 18.f3 Rac8 19.h4 f6 20.e5 f5 21.Qg5 Rf8 22.h5 Qd7
23.hxg6 hxg6 24.Nf4 Qf7 25.Kf2 Rh8 26.Rh1 Bd5 27.a3 Bc4 28.Rh5 cxd4 29.cxd4 Rxh5
30.Nxh5+ Kf8 31.Nf6 Qa7 32.Qh4 Qg7 33.Rh1 Kf7 34.d5 exd5 35.Qd4 Ke6 36.Qb6+  1-0

[Event "14th OIBM"]
[Site "Bad Wiessee GER"]
[Date "2010.11.01"]
[Round "4.24"]
[White "Hertneck,G"]
[Black "Pfeffer,R"]
[Result "1-0"]
[WhiteElo "2541"]
[BlackElo "2218"]

1.d4 Nf6 2.c4 g6 3.Nc3 d5 4.cxd5 Nxd5 5.e4 Nxc3 6.bxc3 Bg7 7.Bc4 c5 8.Ne2 Nc6
9.Be3 O-O 10.O-O Na5 11.Bd3 e5 12.d5 b6 13.Nc1 c4 14.Be2 f5 15.f3 Qd6 16.Qa4 Bd7
17.Qb4 Qc7 18.exf5 Rxf5 19.Bd1 e4 20.Ne2 Be5 21.f4 Bd6 22.Qb1 Bc5 23.Bd4 Re8
24.Bc2 Bxd4+ 25.cxd4 Rxd5 26.Bxe4 Rd6 27.Nc3 Rxd4 28.Bxg6 Re7 29.Be4 Bc6
30.Bxc6 Qxc6 31.Qf5 Rd2 32.Rf2 Rxf2 33.Kxf2 Nb7 34.Nd5 Rf7 35.Qg5+ Kf8 36.Re1 Nc5
37.Qd8+ Kg7 38.Re8 Nd3+ 39.Kf1 Rf5 40.Rg8+ Kh6 41.Qh4+ Rh5 42.Qe7  1-0

[Event "20th World Seniors"]
[Site "Arco ITA"]
[Date "2010.11.02"]
[Round "7"]
[White "Vaisser,A"]
[Black "Jansa,Vl"]
[Result "1/2-1/2"]
[WhiteElo "2507"]
[BlackElo "2499"]

1.d4 Nf6 2.c4 g6 3.Nc3 d5 4.cxd5 Nxd5 5.e4 Nxc3 6.bxc3 Bg7 7.Bb5+ c6 8.Ba4 O-O
9.Ne2 b5 10.Bb3 a5 11.Be3 Nd7 12.h4 a4 13.Bc2 Nb6 14.Qc1 Nc4 15.Bh6 e5 16.Bxg7 Kxg7
17.h5 Qe7 18.Bd3 Be6 19.d5 cxd5 20.hxg6 fxg6 21.Qh6+ Kg8 22.exd5  1/2-1/2

[Event "Chigorin Mem Classic Open"]
[Site "St Petersburg RUS"]
[Date "2010.11.02"]
[Round "6"]
[White "Kryakvin,D"]
[Black "Kirusha,A"]
[Result "1-0"]
[WhiteElo "2591"]
[BlackElo "2380"]

1.d4 Nf6 2.c4 g6 3.Nc3 d5 4.cxd5 Nxd5 5.e4 Nxc3 6.bxc3 Bg7 7.Nf3 c5 8.Bb5+ Nc6
9.O-O cxd4 10.cxd4 O-O 11.Be3 Bg4 12.Bxc6 bxc6 13.Rc1 Qa5 14.Rxc6 Qxa2 15.Rc7 e6
16.h3 Bxf3 17.Qxf3 a5 18.e5 a4 19.Rxf7 Rxf7 20.Qxa8+ Rf8 21.Qa6 Rb8 22.Rc1 Bf8
23.Rc4  1-0

[Event "Chigorin Mem Classic Open"]
[Site "St Petersburg RUS"]
[Date "2010.11.03"]
[Round "7"]
[White "Slugin,S"]
[Black "Shipov,S"]
[Result "1/2-1/2"]
[WhiteElo "2440"]
[BlackElo "2557"]

1.d4 Nf6 2.c4 g6 3.Nc3 d5 4.cxd5 Nxd5 5.e4 Nxc3 6.bxc3 Bg7 7.Be3 c5 8.Rc1 Qa5
9.Qd2 e6 10.Nf3 Nc6 11.d5 exd5 12.exd5 Ne7 13.d6 Nf5 14.Bc4 Qa4 15.Bb3 Qb5
16.Qd5 O-O 17.Qxc5 Qa6 18.Bc4 Qxd6 19.O-O b6 20.Qxd6 Nxd6 21.Bb3 Ba6 22.Rfd1 Ne4
23.Bd4 Be2 24.Bxg7 Kxg7 25.Re1 Bxf3 26.gxf3 Nc5 27.Re7 Nxb3 28.axb3 Rfe8
29.Rb7 Re6 30.Rd1 a5 31.Rd5 Rf6 32.Kg2 Rc8 33.c4 Rcc6 34.Rb5 h6 35.Kg3 Rcd6
36.Re5 g5 37.Re3 Rd1 38.Kg2 Rc1 39.Rd7 a4 40.bxa4 Rxc4 41.Ra3 Rb4 42.Rd5 Rff4
43.a5 bxa5 44.Rdxa5  1/2-1/2

[Event "14th OIBM"]
[Site "Bad Wiessee GER"]
[Date "2010.11.04"]
[Round "6.26"]
[White "Hoffmann,Micha1"]
[Black "Pfeffer,R"]
[Result "1-0"]
[WhiteElo "2510"]
[BlackElo "2218"]

1.d4 Nf6 2.c4 g6 3.Nc3 d5 4.cxd5 Nxd5 5.e4 Nxc3 6.bxc3 Bg7 7.Be3 c5 8.Rc1 O-O
9.Qd2 Qa5 10.Nf3 cxd4 11.cxd4 Qxd2+ 12.Nxd2 Rd8 13.d5 Nd7 14.f3 Nf6 15.Bc4 e6
16.dxe6 Bxe6 17.Bxe6 fxe6 18.Ke2 Rac8 19.Rxc8 Rxc8 20.Bxa7 Ra8 21.Be3 Rxa2
22.Rb1 Ne8 23.Rxb7 Nd6 24.Rb8+ Kf7 25.Kd3 Ra3+ 26.Nb3 Ra6 27.Bd2 Rc6 28.Na5 Ra6
29.g3 h6 30.Bb4 g5 31.f4 Kg6 32.Nb3 Nf7 33.Rb7 Nd6 34.Rb8 Nf7 35.Nc5 Rd6+
36.Ke2 Rd4 37.Ke3 Nd6 38.Kf3 Rc4 39.e5 Nf5 40.Nxe6 g4+ 41.Kxg4 Bxe5 42.Nf8+  1-0

[Event "14th OIBM"]
[Site "Bad Wiessee GER"]
[Date "2010.11.05"]
[Round "8.28"]
[White "Fedorovsky,M"]
[Black "Rauch,U"]
[Result "1-0"]
[WhiteElo "2411"]
[BlackElo "2170"]

1.d4 Nf6 2.c4 g6 3.Nc3 d5 4.cxd5 Nxd5 5.e4 Nxc3 6.bxc3 Bg7 7.Bc4 c5 8.Ne2 O-O
9.O-O Qc7 10.Bf4 e5 11.dxe5 Bxe5 12.Bxe5 Qxe5 13.Bd5 Nd7 14.f4 Qe7 15.f5 Nf6
16.Nf4 Kg7 17.Qf3 gxf5 18.e5 Nxd5 19.Qg3+ Kh6 20.Qh3+ Kg7 21.Qg3+ Kh6 22.Nxd5 Qg5
23.Qh3+ Kg7 24.Nf4 Qg4 25.Qe3 b6 26.Rf3 Kh8 27.Rg3 Qh4 28.Rh3 Qg5 29.Rg3 Qh4
30.Rd1 Be6 31.Rd6 Rad8 32.Rh3 Qg4 33.Qd2 Qg5 34.Ng6+ Qxg6 35.Rxd8 Qg8 36.Rhd3  1-0

[Event "TCh-NOR Attack-serien 2010-11"]
[Site "Oslo NOR"]
[Date "2010.11.05"]
[Round "1"]
[White "Gyldenas,O"]
[Black "Bjerke,S"]
[Result "1/2-1/2"]
[WhiteElo "2053"]
[BlackElo "2186"]

1.d4 Nf6 2.c4 g6 3.Nc3 d5 4.cxd5 Nxd5 5.e4 Nxc3 6.bxc3 Bg7 7.Bc4 c5 8.Ne2 O-O
9.O-O Nc6 10.Be3 Bd7 11.Rb1 Qc7 12.Rc1 a6 13.Qd2 b5 14.Bd5 e6 15.Bf4 Qb7
16.Bxc6 Bxc6 17.f3 Rfd8 18.Qe3 cxd4 19.cxd4 b4 20.Rfd1 Bb5 21.d5 Bxe2 22.Qxe2 exd5
23.Qd3 Qb6+ 24.Be3 d4 25.Bf2 a5 26.Rc4 a4 27.Be1 Bf8 28.Bxb4 Bxb4 29.Rb1 Rab8
30.Rbxb4 Qxb4 31.Rxb4 Rxb4 32.h4 h5 33.f4 Rb6 34.e5 Rc6 35.f5 Rc3 36.Qd2 Re3
37.Qa5 Re8 38.fxg6 R3xe5 39.gxf7+ Kxf7 40.Qa7+ Kg6 41.Qxd4 Re4 42.Qd3 Re5  1/2-1/2

[Event "TCh-NOR Attack-serien 2010-11"]
[Site "Oslo NOR"]
[Date "2010.11.06"]
[Round "2"]
[White "Ostmoe,G"]
[Black "Bae,T"]
[Result "1-0"]
[WhiteElo "2413"]
[BlackElo "2411"]

1.d4 Nf6 2.c4 g6 3.Nc3 d5 4.cxd5 Nxd5 5.e4 Nxc3 6.bxc3 Bg7 7.Bc4 c5 8.Ne2 O-O
9.Be3 Nc6 10.O-O Bd7 11.Rb1 Qc7 12.Bf4 Qc8 13.Rc1 a6 14.Qd2 b5 15.Bd3 Rd8
16.Bh6 Bxh6 17.Qxh6 Qc7 18.e5 cxd4 19.cxd4 Qb6 20.e6 Bxe6 21.Nf4 Nxd4 22.Nh5 Ne2+
23.Bxe2 gxh5 24.Bf3 Qd4 25.Bxa8 Rxa8 26.Qg5+ Kh8 27.Qxe7 Rg8 28.g3 h6 29.Rfd1 Qe4
30.a3 h4 31.Qf6+ Kh7 32.Rd4 Qe2 33.Qxh4 Bf5 34.Qf4 Bg6 35.Rd2 Qe7 36.Rd6 a5
37.h4 Rd8 38.Rxd8 Qxd8 39.Kh2 h5 40.Rc5 Qb6 41.Qd4 Qb7 42.Rd5 b4 43.Rd8  1-0

[Event "TCh-BEL 2010-11"]
[Site "Belgium BEL"]
[Date "2010.11.07"]
[Round "3.1"]
[White "Hetey,L"]
[Black "Negi,P"]
[Result "0-1"]
[WhiteElo "2339"]
[BlackElo "2596"]

1.d4 Nf6 2.c4 g6 3.Nc3 d5 4.cxd5 Nxd5 5.e4 Nxc3 6.bxc3 Bg7 7.Nf3 c5 8.Rb1 O-O
9.Be2 b6 10.O-O Bb7 11.Qd3 e6 12.Rd1 Nd7 13.Bg5 Qc7 14.h4 h6 15.Be3 Nf6 16.Nd2 Rfd8
17.Bf3 Rac8 18.a4 Bc6 19.Ra1 Qd7 20.a5 b5 21.Qb1 b4 22.Nb3 bxc3 23.Nxc5 Qe7
24.Rc1 Nh7 25.Nb3 Qxh4 26.g3 Qe7 27.Qd3 Nf6 28.Qxc3 Bxe4 29.Qxc8 Bxf3 30.Qc7 Rd7
31.Qf4 Bd5 32.Rc8+ Rd8 33.Qb8 Rxc8 34.Qxc8+ Kh7 35.Nc5 Ng4 36.Rb1 Nxe3 37.Rb8 h5
38.fxe3 Qg5 39.Kf2 Kh6 40.Qc7 Bxd4 41.Qf4 Qxf4+ 42.gxf4 Bxc5 43.Rc8 Bd6 44.Rd8 Bb4
45.Rd7 a6 46.Rxf7 Bxa5 47.Ra7 Bc4 48.Ra8 Bb4 49.e4 a5 50.Ke3 Bb3 51.Kd4 a4
52.Ke5 Bc3+  0-1

[Event "TCh-NOR Attack-serien 2010-11"]
[Site "Oslo NOR"]
[Date "2010.11.07"]
[Round "3"]
[White "Haugli,P"]
[Black "Ekeberg,C"]
[Result "1/2-1/2"]
[WhiteElo "2295"]
[BlackElo "2274"]

1.d4 Nf6 2.c4 g6 3.Nc3 d5 4.cxd5 Nxd5 5.e4 Nxc3 6.bxc3 Bg7 7.Bc4 c5 8.Ne2 O-O
9.O-O Nc6 10.Be3 Qc7 11.Rc1 b6 12.Qd2 Bb7 13.Bh6 Rad8 14.Bxg7 Kxg7 15.Qe3 e5
16.Bd5 Na5 17.Bxb7 Nxb7 18.f4 f6 19.d5 c4 20.fxe5 fxe5 21.Ng3  1/2-1/2

[Event "Schachbundesliga 2010-11"]
[Site "Griesheim GER"]
[Date "2010.11.12"]
[Round "7"]
[White "Erdos,V"]
[Black "Tazbir,M"]
[Result "1-0"]
[WhiteElo "2576"]
[BlackElo "2523"]

1.d4 Nf6 2.c4 g6 3.Nc3 d5 4.cxd5 Nxd5 5.e4 Nxc3 6.bxc3 Bg7 7.Bg5 c5 8.Rc1 O-O
9.Nf3 Bg4 10.d5 Qd6 11.Qb3 Bxf3 12.gxf3 Nd7 13.h4 Rab8 14.a4 Be5 15.c4 f5
16.exf5 gxf5 17.Bh3 Bd4 18.Kf1 h6 19.Be3 e5 20.h5 Rf6 21.Rg1+ Kh8 22.Ke2 f4
23.Bxd4 exd4 24.Bxd7 Qxd7 25.Kd2 Qh3 26.Rce1 Qh2 27.Qd3 Qxf2+ 28.Kd1 Rbf8
29.Rg6 Qh4 30.Reg1 Qxh5 31.Rg7 Rf5 32.Qe4 Re8 33.d6 Ref8 34.d7 a6 35.Kc1 b5
36.Qe7  1-0

[Event "16th Asian Games Rapid"]
[Site "Guangzhou CHN"]
[Date "2010.11.14"]
[Round "3"]
[White "Ghaem Maghami,E"]
[Black "Moradiabadi,E"]
[Result "1/2-1/2"]
[WhiteElo "2593"]
[BlackElo "2575"]

1.c4 g6 2.d4 Nf6 3.Nc3 d5 4.cxd5 Nxd5 5.e4 Nxc3 6.bxc3 Bg7 7.Be3 b6 8.Bb5+ c6
9.Bd3 Ba6 10.Nf3 O-O 11.O-O c5 12.Bxa6 Nxa6 13.Qe2 cxd4 14.cxd4 Nc7 15.Rac1 Qd7
16.Rfd1 Rfc8 17.Ne5 Bxe5 18.dxe5 Qb5 19.Qxb5 Nxb5 20.Rd7 Kf8 21.Rxc8+ Rxc8
22.a4 Nc7 23.Bg5 Ne6 24.Bh6+ Ke8 25.Rxa7 g5 26.h4 gxh4 27.Be3 Nc5 28.Kh2 Rc6
29.f3 Nd3 30.Ra6 Rc2 31.Rxb6 Ra2 32.e6 fxe6 33.Rxe6 Ne1 34.Kh3 Rxg2 35.Bc5 Rg7
36.a5 Nxf3  1/2-1/2

[Event "16th Asian Games Rapid"]
[Site "Guangzhou CHN"]
[Date "2010.11.16"]
[Round "8"]
[White "Ganguly,S"]
[Black "So,W"]
[Result "1-0"]
[WhiteElo "2644"]
[BlackElo "2669"]

1.d4 Nf6 2.c4 g6 3.Nc3 d5 4.cxd5 Nxd5 5.e4 Nxc3 6.bxc3 Bg7 7.Bc4 c5 8.Ne2 Nc6
9.Be3 O-O 10.O-O Na5 11.Bd3 b6 12.Qd2 e5 13.Bh6 cxd4 14.Bxg7 Kxg7 15.cxd4 exd4
16.Rac1 Bb7 17.f4 Rc8 18.Rxc8 Bxc8 19.f5 Nb7 20.f6+ Kh8 21.e5 Nc5 22.Nf4 g5
23.Bxh7 Kxh7 24.Nh3 Rh8 25.Qxg5 Ne6 26.Qg4 Qf8 27.Rf5 Nf4 28.Ng5+ Kh6 29.Qxf4 Kg6
30.Ne6  1-0

[Event "VI World Blitz"]
[Site "Moscow RUS"]
[Date "2010.11.16"]
[Round "13.8"]
[White "Aronian,L"]
[Black "Nepomniachtchi,I"]
[Result "1-0"]
[WhiteElo "2801"]
[BlackElo "2720"]

1.d4 Nf6 2.c4 g6 3.Nc3 d5 4.cxd5 Nxd5 5.e4 Nxc3 6.bxc3 Bg7 7.Be3 c5 8.Nf3 Qa5
9.Qd2 Nc6 10.Rb1 a6 11.Rc1 cxd4 12.cxd4 Qxd2+ 13.Kxd2 e6 14.d5 exd5 15.exd5 Ne7
16.Bc4 Nf5 17.Bc5 Bh6+ 18.Kc3 Bxc1 19.Rxc1 f6 20.Re1+ Kd7 21.Re6 b5 22.Bb3 a5
23.g4 b4+ 24.Kd2 Nh6 25.Ba4+ Kc7 26.Re7+ Kd8 27.d6 Ra6 28.Bb5 Nxg4  1-0

[Event "Panam-Cont 2010"]
[Site "Cali COL"]
[Date "2010.11.17"]
[Round "2"]
[White "Buitrago,J"]
[Black "Garcia,Gild"]
[Result "0-1"]
[WhiteElo "2160"]
[BlackElo "2378"]

1.d4 Nf6 2.c4 g6 3.Nc3 d5 4.cxd5 Nxd5 5.e4 Nxc3 6.bxc3 Bg7 7.Bc4 c5 8.Ne2 Nc6
9.Be3 O-O 10.O-O Qc7 11.Rc1 Rd8 12.Qe1 e6 13.f4 Na5 14.Bd3 f5 15.Ng3 b6 16.Be2 Bb7
17.dxc5 bxc5 18.e5 Bf8 19.Qf2 Rab8 20.Rfd1 Rxd1+ 21.Rxd1 Bd5 22.Bf3 Bxf3
23.Qxf3 Rb2 24.Qa8 Rb8 25.Qf3 Nc4 26.Bf2 Rb2 27.Qd3 Nb6 28.Qd8 Qc6 29.c4 Nxc4
30.Nf1 Rb7 31.Rc1 Qd5 32.Qc8 Nb6 33.Qe8 Qd7 34.Qxd7 Nxd7 35.Ne3 g5 36.Nc4 gxf4
37.Nd6 Rb2 38.Bxc5 f3 39.Bd4 Rxg2+ 40.Kh1 a6 41.Rf1 Rg4 42.Bc3 Bg7 43.Rxf3 Nxe5
44.Re3 f4 45.Re4 Nf3  0-1

[Event "ch-ISR"]
[Site "Haifa ISR"]
[Date "2010.11.17"]
[Round "8.16"]
[White "Mamut,I"]
[Black "Givon,A"]
[Result "0-1"]
[WhiteElo "2229"]
[BlackElo "2226"]

1.d4 Nf6 2.c4 g6 3.Nc3 d5 4.cxd5 Nxd5 5.e4 Nxc3 6.bxc3 Bg7 7.Bb5+ c6 8.Ba4 O-O
9.Ne2 c5 10.O-O Nc6 11.Be3 Na5 12.Rb1 b6 13.dxc5 Ba6 14.cxb6 Qxd1 15.Bxd1 axb6
16.Re1 Nc4 17.Bg5 h6 18.Bc1 Ne5 19.Nf4 e6 20.Bb3 Nd3 21.Rd1 Nxc1 22.Rbxc1 Rfd8
23.g3 g5 24.Rxd8+ Rxd8 25.Nh5 Bh8 26.g4 Rd3 27.c4 Bd4 28.Rc2 Bb7 29.Ng3 Kg7
30.Kg2 Kf6 31.f3 Ke5 32.Ne2 Bc5 33.Nc3 Bd4 34.Ne2 Bc5 35.Ng3 Bc6 36.Re2 Kf4
37.Nh5+ Ke5 38.Ng3 Bd4 39.Rc2 Be3 40.Re2 Bc5 41.Rc2 f5 42.gxf5 exf5 43.Nxf5 g4
44.Nh4 gxf3+ 45.Nxf3+ Kf4 46.Nd2 Be3 47.c5 bxc5 48.Nc4 Bxe4+ 49.Kf1 Rd1+
50.Ke2 Bf3+  0-1

[Event "16th Asian Games Team Men"]
[Site "Guangzhou CHN"]
[Date "2010.11.18"]
[Round "1"]
[White "Abdul Moula,S"]
[Black "Khusnutdinov,R"]
[Result "1-0"]
[WhiteElo "2189"]
[BlackElo "2524"]

1.d4 Nf6 2.c4 g6 3.Nc3 d5 4.cxd5 Nxd5 5.e4 Nxc3 6.bxc3 Bg7 7.Bc4 c5 8.Ne2 O-O
9.O-O Nc6 10.Be3 Qc7 11.Rc1 Rd8 12.h3 a6 13.f4 b5 14.Bd3 e6 15.a4 cxd4 16.cxd4 Qb6
17.e5 Nb4 18.Be4 Bb7 19.a5 Qa7 20.Rc7 Nd5 21.Bxd5 Rxd5 22.Qc2 Rad8 23.Rc1 Qb8
24.f5 gxf5 25.Nf4 R5d7 26.Rxd7 Rxd7 27.Nh5 Qd8 28.Qf2 Kh8 29.Nxg7 f6 30.exf6 Qxf6
31.Nh5 Qf7 32.Qh4 b4 33.Bf4 Qg6 34.Be5+ Kg8 35.Nf4 Qf7 36.Qh6 b3 37.Rc3  1-0

[Event "TCh-HUN 2010-11"]
[Site "Budapest HUN"]
[Date "2010.11.20"]
[Round "3"]
[White "Pataki,G"]
[Black "Liptay,L"]
[Result "1-0"]
[WhiteElo "2343"]
[BlackElo "2346"]

1.d4 Nf6 2.c4 g6 3.Nc3 d5 4.cxd5 Nxd5 5.e4 Nxc3 6.bxc3 Bg7 7.Qa4+ Nc6 8.Nf3 O-O
9.Bg5 h6 10.Be3 e5 11.Rd1 exd4 12.cxd4 Re8 13.d5 Bc3+ 14.Nd2 Nd4 15.Bd3 c5
16.O-O Bd7 17.Qa3 Bb4 18.Qb2 Qf6 19.Kh1 Bxd2 20.Rxd2 b5 21.Bb1 Rac8 22.f4 a5
23.e5 Qe7 24.Bxd4 cxd4 25.Rxd4 Rc5 26.Qd2 Rec8 27.Qxa5 Rc4 28.Rdd1 Bg4 29.Rde1 Qc5
30.d6 Qd5 31.Qa3 Rc3 32.Qb2 R8c4 33.Qf2 Rd4 34.Qh4 Bh3 35.Re2 Rd2 36.Qf2 Rxe2
37.Qxe2 Be6 38.Rd1 Re3 39.Rxd5 Rxe2 40.Rd1 Bd7 41.Kg1 Kf8 42.Rc1 Ke8 43.Bc2 Bc6
44.Kf1 Rxg2 45.Bb3 Be4 46.Rc8+ Kd7 47.Rc7+ Kd8 48.e6 fxe6 49.Bxe6 Rc2 50.Rg7 Bd3+
51.Kg1 Rc1+ 52.Kf2 Rf1+ 53.Kg2  1-0

[Event "Panam-Cont 2010"]
[Site "Cali COL"]
[Date "2010.11.20"]
[Round "7"]
[White "Cadena M,G"]
[Black "Gallego Alcaraz,A"]
[Result "0-1"]
[WhiteElo "2051"]
[BlackElo "2388"]

1.d4 Nf6 2.c4 g6 3.Nc3 d5 4.cxd5 Nxd5 5.e4 Nxc3 6.bxc3 Bg7 7.Bc4 c5 8.Ne2 O-O
9.Be3 Nc6 10.Rc1 Qc7 11.O-O Rd8 12.f4 e6 13.Qd2 Qa5 14.d5 b5 15.Bb3 c4 16.Bc2 exd5
17.exd5 Ne7 18.Nd4 Bb7 19.f5 Nxd5 20.fxg6 hxg6 21.Rxf7 Kxf7 22.Bxg6+ Kg8
23.Qf2 Nxe3 24.Qf7+ Kh8 25.Ne6 Qxc3  0-1

[Event "Panam-Cont 2010"]
[Site "Cali COL"]
[Date "2010.11.21"]
[Round "8"]
[White "Vittorino,C"]
[Black "Romero Echeverria,A"]
[Result "1-0"]
[WhiteElo "2305"]
[BlackElo "2068"]

1.d4 Nf6 2.c4 g6 3.Nc3 d5 4.cxd5 Nxd5 5.e4 Nxc3 6.bxc3 Bg7 7.Be3 c5 8.Qd2 Qa5
9.Nf3 O-O 10.Rb1 Nd7 11.Bd3 Qc7 12.O-O e5 13.Rbc1 a6 14.Bc4 b5 15.Bd5 Bb7
16.dxe5 Nxe5 17.Nxe5 Bxd5 18.Qxd5 Bxe5 19.f4 Bd6 20.e5 Be7 21.f5 Rad8 22.Qe4 c4
23.Bh6 Rfe8 24.e6 Bc5+ 25.Kh1 gxf5 26.Qxf5 Rxe6 27.Bg5 Rd3 28.Bf6 Kf8 29.Bd4 Rc6
30.Bxc5+ Rxc5 31.Qxh7 Rg5 32.Qh6+ Rg7 33.Rce1 Rd8 34.Re3 Qd6 35.Qh8+ Rg8
36.Qh5 Qd5 37.Qh6+ Rg7 38.Qh8+ Rg8 39.Qh6+ Rg7 40.Rg3 Qe5 41.Qh8+  1-0

[Event "TCh-FIN 2010-11"]
[Site "Sastamala FIN"]
[Date "2010.11.21"]
[Round "5.1"]
[White "Veingold,A"]
[Black "Novik,Ma"]
[Result "1/2-1/2"]
[WhiteElo "2474"]
[BlackElo "2466"]

1.d4 Nf6 2.c4 g6 3.Nc3 d5 4.cxd5 Nxd5 5.e4 Nxc3 6.bxc3 Bg7 7.Bc4 c5 8.Ne2 O-O
9.O-O Nc6 10.Be3 Na5 11.Bd3 b6 12.Qd2 e5 13.dxc5 Be6 14.Rfd1 Qc7 15.cxb6  1/2-1/2

[Event "2nd OCF Thanksgiving Open"]
[Site "Stillwater USA"]
[Date "2010.11.21"]
[Round "4.1"]
[White "Holt,C"]
[Black "Batsaikhan,Orgil"]
[Result "1-0"]
[WhiteElo "2388"]
[BlackElo "2103"]

1.d4 Nf6 2.c4 g6 3.Nc3 d5 4.cxd5 Nxd5 5.e4 Nxc3 6.bxc3 Bg7 7.Bg5 c5 8.Rc1 Qa5
9.Qd2 Nc6 10.d5 h6 11.Be3 Ne5 12.h3 g5 13.Nf3 Nxf3+ 14.gxf3 f5 15.f4 gxf4
16.Bxf4 Qa4 17.Bd3 fxe4 18.Be2 h5 19.d6 Be6 20.Rg1 Bf6 21.dxe7 Qd7 22.Qe3 Qxe7
23.Rd1 Rd8 24.Rxd8+ Kxd8 25.Rg6 Ke8 26.Bg5 Bxg5 27.Rxg5 Rg8 28.Bxh5+ Kd8
29.h4 Rxg5 30.hxg5 Qh7 31.Bd1 Qf5 32.Qg3 Ke7 33.Qc7+ Kf8 34.Qd8+ Kg7 35.Bh5 Bf7
36.Qe7 Kg8 37.Bxf7+ Qxf7 38.Qxc5 Qxa2 39.Qc8+ Kg7 40.Qxb7+ Kg6 41.Qxe4+ Kxg5
42.Qe5+ Kg4 43.Qe2+ Qxe2+ 44.Kxe2 Kf4 45.Kd3 Ke5 46.Kc4 a5 47.Kb5 Kd5 48.Kxa5  1-0

[Event "2nd OCF Thanksgiving Open"]
[Site "Stillwater USA"]
[Date "2010.11.21"]
[Round "5.5"]
[White "Johnson,C"]
[Black "Kline,L"]
[Result "1-0"]
[WhiteElo "1825"]
[BlackElo "1869"]

1.d4 Nf6 2.c4 g6 3.Nc3 d5 4.cxd5 Nxd5 5.e4 Nxc3 6.bxc3 Bg7 7.Bc4 c5 8.Ne2 Nc6
9.Be3 O-O 10.O-O Qc7 11.Rc1 Na5 12.Bd3 f5 13.f4 fxe4 14.Bxe4 Bf5 15.Bxf5 Rxf5
16.Ng3 Rf7 17.f5 Raf8 18.Qg4 Nc4 19.Bf4 Qd7 20.Qe2 b5 21.dxc5 Qd5 22.Rfd1 Qxc5+
23.Kh1 gxf5 24.a4 e5 25.Bg5 a6 26.axb5 axb5 27.Nh5 Bh8 28.Bh6 Rc8 29.Rd3 f4
30.Qg4+ Bg7 31.Rcd1 Qb6 32.Qxc8+ Rf8 33.Qxf8+ Bxf8 34.Bxf8 Kxf8 35.Rd7 Qg6
36.Rb7 Nd6 37.Rb6 Qxh5 38.Rdxd6 Ke7 39.h3 f3 40.Re6+ Kf7 41.Rf6+ Kg7 42.Rxf3 e4
43.Rg3+ Kf7 44.Rb7+ Ke6 45.Rgg7 Qf5 46.Rb6+  1-0

[Event "Vasylyshyn Memorial GM"]
[Site "Lviv UKR"]
[Date "2010.11.23"]
[Round "1"]
[White "Grabliauskas,V"]
[Black "Smith,Ax"]
[Result "0-1"]
[WhiteElo "2404"]
[BlackElo "2448"]

1.d4 Nf6 2.c4 g6 3.Nc3 d5 4.cxd5 Nxd5 5.e4 Nxc3 6.bxc3 Bg7 7.Bb5+ c6 8.Ba4 O-O
9.Ne2 c5 10.O-O Nc6 11.d5 Ne5 12.f4 Nc4 13.Bb3 Nb6 14.h3 f5 15.Ba3 c4 16.Bc2 fxe4
17.d6 exd6 18.Bxe4 Re8 19.Bf3 d5 20.Nd4 Re3 21.Qc1 Rd3 22.Rd1 Bxd4+ 23.cxd4 Rxd1+
24.Qxd1 Bf5 25.Qe1 Qd7 26.Bc5 Na4 27.Qe5 Nc3 28.Qd6 Qxd6 29.Bxd6 Be4 30.Bb4 Bxf3
31.Bxc3 Be4 32.Kf2 Rf8 33.Kg3 Rf6 34.Re1 Ra6 35.f5 Rxa2 36.fxg6 Rxg2+ 37.Kf4 Rf2+
38.Ke5 hxg6 39.Ra1 a6 40.Ra5 Rf3 41.Be1 Rxh3 42.Rc5 Rf3 43.Ke6 g5 44.Rc8+ Kg7
45.Rc7+ Kg6 46.Rxb7 c3 47.Rc7 c2 48.Ke5 Rf5+ 49.Ke6 Rf1 50.Bd2 g4  0-1

[Event "6th Femida Cup 2010"]
[Site "Kharkiv UKR"]
[Date "2010.11.24"]
[Round "2"]
[White "Korobov,A"]
[Black "Areshchenko,A"]
[Result "1-0"]
[WhiteElo "2684"]
[BlackElo "2661"]

1.d4 Nf6 2.c4 g6 3.Nc3 d5 4.cxd5 Nxd5 5.e4 Nxc3 6.bxc3 Bg7 7.Bc4 c5 8.Ne2 Nc6
9.Be3 O-O 10.O-O Na5 11.Bd3 b6 12.Rb1 cxd4 13.cxd4 Bb7 14.Qa4 Qd6 15.Bf4 e5
16.Bd2 Bc6 17.Qb4 Qxb4 18.Bxb4 Rfc8 19.d5 Be8 20.Ba6 Rd8 21.Rfc1 Bf8 22.Bxf8 Kxf8
23.f4 exf4 24.Nxf4 Rd7 25.Kf2 Rad8 26.g4 Re7 27.Kf3 g5 28.Ne2 f6 29.Nd4 Bd7
30.Nf5 Bxf5 31.gxf5 h5 32.Bc8 Ree8 33.Be6 Ke7 34.e5 fxe5 35.Rc7+ Kd6 36.Rbc1 b5
37.Ke4 Rf8 38.R1c6+ Nxc6 39.Rxc6+ Ke7 40.Kxe5  1-0

[Event "46th American Open"]
[Site "Los Angeles USA"]
[Date "2010.11.26"]
[Round "3"]
[White "Kelley,D"]
[Black "Bruno,Ro"]
[Result "1/2-1/2"]
[WhiteElo "2167"]
[BlackElo "2204"]

1.d4 Nf6 2.c4 g6 3.Nc3 d5 4.cxd5 Nxd5 5.e4 Nxc3 6.bxc3 Bg7 7.Be3 c5 8.Qd2 Nc6
9.d5 Qa5 10.Rc1 Ne5 11.h3 O-O 12.f4 Nd7 13.Nf3 Nf6 14.c4 Qxd2+ 15.Nxd2 b6
16.Bd3 e5 17.g3 Nh5 18.Kf2 f5 19.Be2 exf4 20.gxf4 fxe4 21.Bxh5 gxh5 22.Nxe4 Bf5
23.Ng3 Bg6 24.h4 Rf7 25.Kf3 Raf8 26.Rcd1 Bh6 27.f5 Bxe3 28.Kxe3 Bxf5 29.Nxf5 Rxf5
30.Ke4 R5f6 31.d6 Rd8 32.Ke5 Kf7 33.Rhf1 Rxd6 34.Rxd6 Rxf1 35.Rd7+ Kg6 36.Rd6+ Kf7
37.a4 Rh1 38.Rd7+ Kg6 39.Rd6+ Kf7 40.Rd7+ Ke8 41.Rxh7 Rxh4 42.Kd5 Rd4+ 43.Kc6 Rxc4
44.Rxa7 Rb4 45.a5 bxa5 46.Kxc5 Rg4 47.Kd5 a4 48.Ke6 Kd8 49.Kd6 Kc8 50.Kc6 Kb8
51.Rb7+ Ka8 52.Rh7 h4 53.Kb6 Rb4+ 54.Kc5 Rb7 55.Rxh4 a3 56.Rh1  1/2-1/2

[Event "11th Puhajarve Rapid"]
[Site "Harjumaa EST"]
[Date "2010.11.27"]
[Round "13"]
[White "Nyback,T"]
[Black "Kulaots,K"]
[Result "1-0"]
[WhiteElo "2650"]
[BlackElo "2580"]

1.d4 Nf6 2.c4 g6 3.Nc3 d5 4.cxd5 Nxd5 5.e4 Nxc3 6.bxc3 Bg7 7.Nf3 c5 8.Rb1 O-O
9.Be2 b6 10.O-O Bb7 11.Qd3 e6 12.Bg5 Qd6 13.Qe3 Nd7 14.Rfd1 cxd4 15.cxd4 Rfc8
16.h4 Rc2 17.a4 Rac8 18.a5 R2c3 19.Rd3 Qa3 20.axb6 axb6 21.Rxc3 Qxc3 22.Qxc3 Rxc3
23.e5 Bf8 24.Bd2 Rc2 25.Bd3 Ra2 26.Be3 Bd5 27.Nd2 Be7 28.g3 f6 29.Bb5 Nf8
30.Bc4 Bxc4 31.Nxc4 fxe5 32.dxe5 Nd7 33.Rd1 Nc5 34.Nxb6 Ne4 35.Nc4 Kf7 36.Nd6+ Nxd6
37.exd6 Bd8 38.d7 Ra8 39.Kg2 e5 40.Kf3 Ke6 41.Bg5 Kf5 42.Bxd8 Rxd8 43.g4+ Ke6
44.Ke4 h6 45.Rd5 Kf6 46.Rd6+  1-0

[Event "Kilkenny Masters"]
[Site "Kilkenny IRL"]
[Date "2010.11.27"]
[Round "2"]
[White "Cheparinov,I"]
[Black "Astaneh Lopez,A"]
[Result "1/2-1/2"]
[WhiteElo "2668"]
[BlackElo "2405"]

1.d4 Nf6 2.c4 g6 3.Nc3 d5 4.cxd5 Nxd5 5.e4 Nxc3 6.bxc3 Bg7 7.Bc4 c5 8.Ne2 Nc6
9.Be3 O-O 10.O-O cxd4 11.cxd4 Na5 12.Bd3 Be6 13.d5 Bxa1 14.Qxa1 f6 15.Qb1 Bf7
16.Nd4 Rc8 17.Qb4 b6 18.Bh6 Re8 19.Bb5 Qd6 20.Qxd6 exd6 21.Bxe8 Bxe8 22.f3 Kf7
23.h4 Rc4 24.Rd1 Bd7 25.Bf4 Ke7 26.g4 Ra4 27.g5 Nc4 28.Nc6+ Bxc6 29.gxf6+ Kxf6
30.dxc6 Ke7 31.Rd4 b5 32.Bg5+ Ke6 33.f4 Ra6 34.Rd5 Rxc6 35.Rxb5 Rb6 36.f5+ gxf5
37.exf5+ Kd7 38.Rxb6 axb6 39.Kf2 Kc6 40.Kf3 Kd5 41.Bf6 Ne5+ 42.Kf4 Nf7 43.Bb2 b5
44.h5 Kc4  1/2-1/2

[Event "46th American Open"]
[Site "Los Angeles USA"]
[Date "2010.11.27"]
[Round "5"]
[White "Adelberg,D"]
[Black "Khachiyan,M"]
[Result "0-1"]
[WhiteElo "2191"]
[BlackElo "2517"]

1.d4 Nf6 2.c4 g6 3.Nc3 d5 4.cxd5 Nxd5 5.e4 Nxc3 6.bxc3 Bg7 7.Bc4 c5 8.Ne2 O-O
9.O-O Nc6 10.Be3 Qc7 11.Rc1 Rd8 12.Bf4 e5 13.Bg3 Qe7 14.d5 Na5 15.Bd3 b6
16.Kh1 Nb7 17.Ng1 Nd6 18.Qe2 Bd7 19.f4 exf4 20.Bxf4 Re8 21.Rfe1 Be5 22.Bxe5 Qxe5
23.Nf3 Qh5 24.Qd2 Bg4 25.Qf4 Bxf3 26.gxf3 Re5 27.Be2 Kg7 28.Rf1 Rae8 29.Rce1 f5
30.Rg1 Qh6 31.Qxh6+ Kxh6 32.Bd3 fxe4 33.Bxe4 Kg7 34.Rd1 Nxe4 35.fxe4 Rxe4
36.Rgf1 Rd8 37.Kg2 c4 38.a4 Rd6 39.Kg3 Re5 40.Rf4 Rexd5 41.Rxd5 Rxd5 42.Rxc4 Rc5
43.Rd4 Rxc3+ 44.Kg4 h5+ 45.Kg5 Rc5+ 46.Kf4 Kh6 47.Kg3 Rg5+ 48.Kf3 Rg4  0-1